000 00344nam a2200157Ia 4500
100 _aVears/R.E
650 _aElectrical Engineering
490 _vI
942 _cBK
654 _aMicroelectronic System
245 _aMicroelectronic System
260 _bButtersworth
_aLondon
_c1981
082 _a621.3
300 _a81
546 _aENGLISH
999 _c21452
_d21452